000 00254nam a2200097Ia 4500
001 1206773
005 20250827022812.0
008 250824s9999 xx 000 0 und d
245 0 _aSANATA DAİR
_cHALİT ZİYA UŞAKLIGİL
260 _bYAPI KREDİ YAYINLARI
999 _c1206773
_d1206773